000 00482nam a2200181Ia 4500
001 22616
005 20260414150843.0
008 260414t2000||||xx |||||||||||||| ||spa||
041 _aESP
082 _a621.3822
_bG59
100 _aGold, Ben
_eAUT
245 0 _aSpeech and audio signal processing :
_bprocessing and perception of speech and music
260 _c2000
300 _axviii, 537 páginas :
_c23 cm.
650 _aTCA
654 _aCET
942 _cLIB
_dJUS
_fJUS
_2ddc
_n
999 _c22616
_d22616